000 00503nam a22001937a 4500
003 MPLRDC
005 20220104123932.0
008 210129b ||||| |||| 00| 0 eng d
020 _a957-32-1741-4
082 _a618 SYLS v.50
100 _a松本一男
245 _a中国名言典故365
_c廖为智译
250 _a初版四刷
260 _a
_b远流出版事业股份有限
_c1994
300 _b
490 _a实用历史. 50
650 _a中国史地丛书
942 _cBK
_o618 SYLS v.50
999 _c15353
_d15343